000 00589nam a2200205Ia 4500
003 GCL
008 140319s9999 xx 000 0 eng d
040 _aGCL /
_cGCL
082 0 4 _aP
_b050
_bT N
100 1 _aNATINIONAL GEOGRAPHIC SOCITY
245 1 0 _aTHE NATIONAL GOGRAPHIC MAGAZINE /
_cNATINIONAL GEOGRAPHIC SOCITY
700 1 _aACKROYD, CHRISTOPHER
260 _a[S.N] :
_bNATIONAL GEOGRAPHIC SOCITY
300 _a564
650 0 4 _aGEOGRAPHY
650 0 4 _aNATIONAL GEOGRAPHIC SOCIETY
650 0 4 _aNATURAL HISTORY
650 0 4 _aGEOGRAPHIC INFORMATION SYSTEMS
942 _2ddc
_cCR
999 _c25823
_d25823